000 00943nam a2200241Ia 4500
999 _c36787
_d36787
001 2727
003 GE_BSU
005 20221027135238.0
008 181216s2008ru xx |||||||||||||| ||rus||
020 _a9789941123863
040 _cGE_BSU
041 _arus
080 _a94(479.22) Д-40
100 _aДжапаридзе Анания Метрополит.
_915584
245 _aМесхети :
_bмусульманизация грузин /
_cМитрополит Анания Джапаридзе .
264 _aТбилиси :
_bУниверсал,
_c2008.
300 _a50 стр.:
_b 20 см.
440 _aИсторическая судьба грузин, оторванных от грузинской церкви
_915585
500 _aБиблиогр.: с. 50-51.
653 _aМесхети. Мусудьманизация грузин
653 _aმესხეთის ისტორია.
942 _cBK
_2udc